Délmagyarország. - 1997. április 15., Kedd
Elmentve itt :
| Dokumentumtípus: | Újság |
|---|---|
| Megjelent: |
1997-04-15
|
| Sorozat: | Délmagyarország
87 No. 87 |
| Online Access: | http://dmarchiv.bibl.u-szeged.hu/26318 |
| LEADER | 00486nas a2200145 i 4500 | ||
|---|---|---|---|
| 001 | delm26318 | ||
| 005 | 20200415082748.0 | ||
| 008 | 171218s1997 hu n o 0|| hun d | ||
| 022 | |a 0133-025X | ||
| 040 | |a SZTE Délmagyarország Archívum |b hun | ||
| 041 | |a hun | ||
| 245 | 0 | 0 | |a Délmagyarország. - 1997. április 15., Kedd |h [elektronikus dokumentum] |
| 260 | |c 1997-04-15 | ||
| 490 | 0 | |a Délmagyarország |v 87 No. 87 | |
| 856 | 4 | 0 | |u http://dmarchiv.bibl.u-szeged.hu/26318/1/dm_1997_087.pdf |z Dokumentum-elérés |